Africká unie - integrace reálná nebo deklarativní?

Perspektívy africkej integrácie podľa neofunkcionalistickej paradigmy. Integrácia v subsaharskej Afrike. Úloha ideológie v integračných procesoch. Transakcionalistický prístup k analýze integrácie.

Salvato in:
Dettagli Bibliografici
Autore principale: Jelínek, Petr
Natura: Capitolo di libro
Lingua:ceco
Soggetti:
Tags: Aggiungi Tag
Nessun Tag, puoi essere il primo ad aggiungerne!!

MARC

LEADER 00000naa a2200000 4500
001 r048048
005 20230927112349.8
041 0 |a cze 
044 |a CZ 
245 1 0 |a Africká unie - integrace reálná nebo deklarativní?  |c Petr Jelínek 
520 |a Perspektívy africkej integrácie podľa neofunkcionalistickej paradigmy. Integrácia v subsaharskej Afrike. Úloha ideológie v integračných procesoch. Transakcionalistický prístup k analýze integrácie. 
610 2 0 |a integrácia 
610 2 0 |a Afrika 
610 2 0 |a Subsahara 
610 2 0 |a ideológia 
610 2 0 |a kultúra 
610 2 0 |a internacionalizácia 
100 1 |a Jelínek, Petr